000 00613nam a2200217Ia 4500
005 20241129104330.0
008 241129s9999||||xx |||||||||||||| ||und||
020 _a9789354243479
037 _aTextual
040 _aRTL
_beng
_cRTL
041 _aeng
_2eng
084 _aX:(D65,8(B) R1
_qRTL
100 _aHameed Mohd. Abdul
_9725801
245 0 _aPython for data science
_cHameed Mohd. Abdul
260 _aNew Delhi
_bWiley
_c2021
300 _axix,273p.
365 _aINR
_b429
650 _aData Science Programming
_9725802
942 _cTB
_hX:(D65,8(B) R1
999 _c1225427
_d1225427